00989nam a2200229 i 4500001000300000100002700003245012400030260003900154300003500193490012000228500003300348504002400381650001400405650002100419710003800440830010200478040000800580041001500588080001700603008004100620856009800661bg1 aWÓJCIK, Włodzimierz10aZwiązek własności magnetycznych z lokalizacją w skondensowanych układach fermionowych /cWłodzimierz Wójcik. aKraków :bWydawnictwa PK,c1997. a98 s. :brys., wykr. ;c24 cm.1 aMonografia / Politechnika Krakowska im. Tadeusza Kościuszki. Seria Podstawowe Nauki Techniczne,x0860-097X ;v221 aStreszcz. pol., ang., franc. aBibliogr. s. 85-89. 9aElektrony 9aPole magnetyczne0 aPOLITECHNIKA KRAKOWSKA (Kraków) 0aMonografia (Politechnika Krakowska im. Tadeusza Kościuszki).pSeria Podstawowe Nauki Techniczne cBPK0 aplbenfrpl a539.12:537.6 s pl f |000 0 pol  uhttp://koha.tu.koszalin.pl/cgi-bin/koha/opac-detail.pl?biblionumber=33153yKatalog online BPK